Normal view
MARC view
- AUTOMOBILES, AUTOMOBILES MAINTENANCE AND REPAIR
Entry Topical Term
001 - CONTROL NUMBER
- control field: 66889
003 - CONTROL NUMBER IDENTIFIER
- control field: NUST
005 - DATE AND TIME OF LATEST TRANSACTION
- control field: 20210628203707.0
008 - FIXED-LENGTH DATA ELEMENTS
- fixed length control field: 210628|| aca||aabn | a|a d
040 ## - CATALOGING SOURCE
- Original cataloging agency: NUST
- Transcribing agency: NUST
150 ## - HEADING--TOPICAL TERM
- Topical term or geographic name entry element: AUTOMOBILES, AUTOMOBILES MAINTENANCE AND REPAIR
670 ## - SOURCE DATA FOUND
- Source citation: Work cat.: (NUST): Duffy, James E 34777, Modern automotive mechanics, 1990
